| 000 | 00641cam a2200205 a 4500 | ||
|---|---|---|---|
| 001 | 12242784 | ||
| 005 | 20250114173241.0 | ||
| 008 | 001128s2002 txu b 001 0 eng | ||
| 020 | _a0155062689 | ||
| 050 | 0 | 0 |
_aJK765 _b.S93 2002 |
| 082 | 0 | 0 |
_a352.6/0973 _221 |
| 100 | 1 |
_aSylvia, Ronald D., _d1943- |
|
| 245 | 1 | 0 | _aPublic personnel administration. |
| 250 |
_a2nd ed. / _bRonald D. Sylvia, C. Kenneth Meyer. |
||
| 260 |
_aFort Worth, TX : _bHarcourt College Publishers, _cc2002. |
||
| 300 |
_axiii, 351 p. ; _c24 cm. |
||
| 650 | 0 |
_aCivil service _zUnited States _xPersonnel management. |
|
| 700 | 1 | _aMeyer, C. Kenneth. | |
| 942 |
_2lcc _cBK _n0 |
||
| 999 |
_c2528 _d2528 |
||